Spoľahlivosť vybraných finančných modelov pri predikcii bankrotu podniku diplomová práca

Salvato in:
Dettagli Bibliografici
Autore principale: Stašík, Michal
Ente Autore: Fakulta podnikového manažmentu EU. Katedra podnikových financií
Altri autori: Hajduová, Zuzana, 1974-
Natura: Libro
Lingua:slovacco
Pubblicazione: Bratislava 2021
Tags: Aggiungi Tag
Nessun Tag, puoi essere il primo ad aggiungerne!!

MARC

LEADER 00000nbm a2200000 4500
001 0275723
005 20211129123857.6
041 0 |a slo 
044 |a SK 
245 1 0 |a Spoľahlivosť vybraných finančných modelov pri predikcii bankrotu podniku  |b diplomová práca  |c Michal Stašík ; školiteľ: Zuzana Hajduová 
264 1 |a Bratislava  |c 2021 
300 |a 100 s. 
100 1 |a Stašík, Michal 
700 1 |a Hajduová, Zuzana, 1974- 
710 2 |a Fakulta podnikového manažmentu EU. Katedra podnikových financií